La consagración normativa de la función preventiva de la responsabilidad civil y su proyección al derecho del trabajo (Registro nro. 29574)

Detalles MARC
000 -LEADER
fixed length control field 00432 a2200121 4500
001 - CONTROL NUMBER
control field ART_37725
005 - DATE AND TIME OF LATEST TRANSACTION
control field 20260410161942.0
008 - FIXED-LENGTH DATA ELEMENTS--GENERAL INFORMATION
fixed length control field 260409a
100 1# - MAIN ENTRY--PERSONAL NAME
Personal name Chara, María J.
245 10 - TITLE STATEMENT
Title La consagración normativa de la función preventiva de la responsabilidad civil y su proyección al derecho del trabajo
700 1# - ADDED ENTRY--PERSONAL NAME
Personal name Tula, Diego J.
773 0# - HOST ITEM ENTRY
Title Temas de derecho laboral
Related parts - Nº 4 (abr. 2016)
Record control number REV27619

No hay ítems disponibles.